Chess Chain Quiz - Statistics

General Stats
  • This quiz has been taken 95 times
  • The average score is 11 of 20
Answer Stats
Clue Answer % Correct
The most important piece in the game King
100%
When the King is in danger Check
98%
The highest title in Chess Grandmaster
95%
A piece that is shaped like a horse Knight
91%
When a player is not in check, but can't move Stalemate
82%
The start of a game Opening
75%
A system for calculating player ratings Elo
74%
When a player gives up material for quick development, or to trap the opponent Gambit
58%
Pins, Skewers, Forks, etc Tactics
48%
When you repeat moves 3 times in chess Threefold Repetition
47%
When a bishop sacrifices on h7, followed by Ng5+, and Qh5+ Greek Gift
42%
When a piece is unprotected Hanging
42%
Step towards earning a Chess title Norm
42%
What you get when the opponent moves the same piece twice in the opening Tempo
41%
A square where the Knight is that can't be attacked by a Pawn Outpost
39%
Method of recording Chess moves Notation
38%
A pin where the pinned piece can still move Relative Pin
31%
When there is an attack happening with Pawns, but there is one side with fewer Pawns than the other Minority Attack
28%
The time players are allocated for their moves during a game Time Control
20%
Opening with 1. d4, Nf6 2. c4, e6 The Nimzowitsch
8%
No matching quizzes found
Score Distribution
Percent of People with Each Score
Percentile by Number Answered
Your Score History
You have not taken this quiz